Mathematics for Science (Record no. 19394)
[ view plain ]
| 000 -LEADER | |
|---|---|
| fixed length control field | 00426nam a22001697a 4500 |
| 003 - CONTROL NUMBER IDENTIFIER | |
| control field | OSt |
| 008 - FIXED-LENGTH DATA ELEMENTS--GENERAL INFORMATION | |
| fixed length control field | 250215b |||||||| |||| 00| 0 eng d |
| 020 ## - INTERNATIONAL STANDARD BOOK NUMBER | |
| ISBN | 81-224-0994-6 |
| 041 ## - LANGUAGE CODE | |
| Language code of text/sound track or separate title | eng |
| 082 ## - DEWEY DECIMAL CLASSIFICATION NUMBER | |
| Classification number | 510.1 |
| Item number | UPP/MA |
| 100 ## - MAIN ENTRY--AUTHOR NAME | |
| Personal name | Uppal, SM |
| 245 ## - TITLE STATEMENT | |
| Title | Mathematics for Science |
| 260 ## - PUBLICATION, DISTRIBUTION, ETC. (IMPRINT) | |
| Place of publication | New Delhi: |
| Name of publisher | New Age International Publishers Ltd, |
| Year of publication | 1996. |
| 300 ## - PHYSICAL DESCRIPTION | |
| Number of Pages | 420p. |
| 700 ## - ADDED ENTRY--PERSONAL NAME | |
| Personal name | Humphreys, HM |
| 942 ## - ADDED ENTRY ELEMENTS (KOHA) | |
| Koha item type | Books |
| Withdrawn status | Lost status | Damaged status | Home library | Current library | Date acquired | Source of acquisition | Cost, normal purchase price | Full call number | Accession Number | Koha item type |
|---|---|---|---|---|---|---|---|---|---|---|
| KAUAET | KAUAET | 15/02/2025 | Higgin BothGrees, Ernakulam | 175.00 | 510.1 UPP/MA | 19948 | Books |
